Score 0/10 Timer 03:00
3 Plays Today
Question Answer Wrong Answers
Parks and Recreation Dwight Schrute
80.9%
Ron Swanson
5.4%
Leslie Knope
4.2%
April Ludgate
7.6%
Modern Family Alex Keaton
78%
Gloria Pritchett
5.9%
Claire Dunphy
5.4%
Haley Marshall
9%
Homeland Jack Bauer
75.4%
Carrie Mathison
5.8%
Nicholas Brody
6.8%
Saul Berenson
9.9%
Breaking Bad Piper Chapman
75.1%
Skyler White
4.7%
Marie Schrader
13.5%
Jesse Pinkman
4.8%
Stranger Things Kate Austen
73.1%
Joyce Byers
9.2%
Nancy Wheeler
9.5%
Dustin Henderson
6.2%
The Walking Dead Rose Tyler
71.4%
Carl Grimes
7.6%
Glenn Rhee
10.8%
Daryl Dixon
8%
Orange Is the New Black Carmela Soprano
70.3%
Piper Chapman
6.4%
Sam Healy
15.8%
Tasha Jefferson
5.7%
House of Cards Josiah Bartlet
57.5%
Claire Underwood
16.8%
Doug Stamper
11.8%
Garrett Walker
11.8%
Game of Thrones Kaeden
54.6%
Daenerys
3%
Shae
30%
Margaery
10.3%
Downton Abbey Isabel Boncassen
45.2%
John Bates
28.2%
Charles Carson
15.2%
Thomas Barrow
9.2%

You're not logged in!

Compare scores with friends on all Sporcle quizzes.
OR
Log In

Sporcle TV

Today on Sporcle TV


Watch our educational content, quiz creation guides, and fun videos on Sporcle TV.

Show Comments

Extras

Top Quizzes Today


Score Distribution

Paid Content

Your Account Isn't Verified!

In order to create a playlist on Sporcle, you need to verify the email address you used during registration. Go to your Sporcle Settings to finish the process.

Report this User

Report this user for behavior that violates our Community Guidelines.

Details: